书目信息 |
| 题名: |
问题的哲学研究
|
|
| 作者: | 张掌然 | |
| 分册: | ||
| 出版信息: | 北京 人民出版社 2005 |
|
| 页数: | 353页 | |
| 开本: | 20cm | |
| 丛书名: | ||
| 单 册: | ||
| 中图分类: | B015 | |
| 科图分类: | ||
| 主题词: | 哲学基本问题 | |
| 电子资源: | ||
| ISBN: | 7-01-005284-0 | |
| 000 | 00507nam0 2200181 450 | |
| 001 | 0728815141 | |
| 005 | 20070819080015.14 | |
| 010 | @a7-01-005284-0@d¥24.00 | |
| 100 | @a20070819d km y0chiy0120 ea | |
| 101 | 0 | @achi |
| 200 | 1 | @a问题的哲学研究@Awen ti de zhe xue yan jiu@f张掌然@Fzhang zhang ran |
| 210 | @a北京@c人民出版社@d2005 | |
| 215 | @a353页@d20cm | |
| 606 | 0 | @a哲学基本问题 |
| 690 | @aB015@v3 | |
| 701 | 0 | @a张掌然@Azhang zhang ran |
| 801 | 0 | @aCN@bPFT@c20070819 |
| 905 | @a213230@dB015@eZW107@f1 | |
| 问题的哲学研究/张掌然.-北京:人民出版社,2005 |
| 353页;20cm |
| ISBN 7-01-005284-0:¥24.00 |
| ● |
| 相关链接 |
|
|
|
|
正题名:问题的哲学研究
索取号:B015/ZW107
 
预约/预借
| 序号 | 登录号 | 条形码 | 馆藏地/架位号 | 状态 | 备注 |
| 1 | 7600897 | 276008972 | 中文系资料室/ [索取号:B015/ZW107] | 在馆 |